01525nam a2200349 a 4500001001000000003000500010005001700015008004100032010001100073011001100084040000900095090001000104100005000114245015700164260004100321500006000362502007700422590004100499590004000540590004000580650005100620650004600671650003200717700003800749856007000787901000700857942001000864942000600874999001900880952013600899952014001035000110922CHAP20220329144151.0141024s2014 mx a fsm |||||||spa d a107384 a108356 cCHAP aTesis1 aGonzález Fernández, José Manuel912868310aCaracterización de 39 variedades de salvia ornamental (Salvia sp.)h[En línea]cpor José Manuel González Fernández y Raúl Juárez Salvador. aChapingo, Méx. :bEl autor,c2014. aPara ver el contenido del material haga clic en la liga aTesis (Ing. Agr. Esp. en Fitotecnia) -- UACH. Departamento de Fitotecnia aE11695DGDb10c20141027lUCH01h0827 aE5995AHEb05c20141024lUCH01h0913 aE5995AHEb05c20141024lUCH01h091714aPlantas ornamentalesxIdentificación.98906814aPlantas ornamentalesxRendimiento.98907514aSalvia officinalis.91018751 aJuárez Salvador, Raúl9128684 aFinding aiduhttp://10.13.5.2/tesis/sist110922.pdfzTeclea aquí aBK cTESIS n0 c107384d107384 00104054718TESISaBCbBCd2014-10-24fTESISl0oTesisp33724002424959r2019-12-31 00:00:00w2019-12-31yTESISzRecien adquirido 00102local4053708TESISaBCbBCcPA_TESISd2014-10-24fTESISl0oTesisp33724002424991r2019-12-31 00:00:00tc.2w2019-12-31yTESIS